F1 Fahrer 2025 Helme Teil 2 - Statistiken

Allgemein
  • Dieses Quiz wurde 52 mal gespielt
  • Das Durchschnittsergebnis liegt bei 9 aus 10
Antwortstatistiken
Bildquiz Antwort % Korrekt
Hamilton
98%
Norris
98%
Lawson
96%
Piastri
96%
Tsunoda
96%
Bearman
93%
Hadjar
87%
Stroll
87%
Bortoleto
85%
Albon
83%
Keine übereinstimmenden Quizze gefunden
Verteilung der Resultate
Anzahl Personen mit jedem Resultat
Perzentil nach korrekt beantworteten Fragen
Ihre Resultats-Entwicklung
Sie haben dieses Quiz noch nicht gespielt